Szczegóły MARC21

Joseph Conrad's "Heart of darkness" : backgrounds and criticism /

005 -DATA I CZAS OSTATNIEJ MODYFIKACJI [,]
    • @
    • pole kontrolne
    • 20150723124715.0
040 -Instytucja sporządzająca opis [ , ]
    • a
    • Instytucja, która sporządziła opis (NP)
    • SZCZ U
    • c
    • Instytucja, która sporządziła rekord (NP)
    • SZCZ U
    • d
    • Instytucja, która zmodyfikowała rekord (P)
    • SZCZ U/JŚ
041 -Język dokumentu [0, ]
    • a
    • Język tekstu (P)
    • angielski
044 -Kraj miejsca wydania [ , ]
    • a
    • Kraj miejsca wydania
    • USA
942 -Rodzaj dokumentu [ , ]
    • c
    • Rodzaj dokumentu
    • Książka
100 -Hasło główne - nazwa osobowa [1, ]
    • 9
    • KHW
    • 42836
    • a
    • Nazwa osobowa (NP)
    • Conrad, Joseph
    • d
    • Daty biograficzne (NP)
    • (1857-1924).
240 -Tytuł ujednolicony [1,0]
    • 9
    • KHW
    • 83863
    • a
    • Tytuł ujednolicony
    • Heart of darkness
    • l
    • Język tekstu
    • (ang.)
245 -Strefa tytułu i oznaczenia odpowiedzialności [0,0]
    • a
    • Tytuł
    • Joseph Conrad's "Heart of darkness" : Find
    • b
    • Ciąg dalszy tytułu (NP)
    • backgrounds and criticism / Find
    • c
    • Pozostałe elementy strefy tytułu i oznaczenia odpowiedzialności (NP)
    • ed. by Leonard F. Dean.
260 -Strefa adresu wydawniczego [ , ]
    • a
    • Miejsce wydania (P)
    • Englewood Cliffs :
    • b
    • Nazwa wydawcy (P)
    • Prentice-Hall,
    • c
    • Data wydania (P)
    • cop. 1960.
300 -Strefa opisu fizycznego [ , ]
    • a
    • Określenie formy książki i/lub objętość (NP)
    • VII,184 s., [1] k. fot. ;
    • c
    • Format (NP)
    • 22 cm.
080 -Uniwersalna Klasyfikacja Dziesiętna [ , ]
    • a
    • Symbol klasyfikacji
    • 821.111(091)-3
    • 2
    • Identyfikator wydania tablic
    • UDC-P058
    • 9
    • UKD
    • 13516
    • b
    • Dopowiedzenie
    • Literatura angielska (historia). - Powieści, nowele, opowiadania.
    • 4
    • UKD2
    • 8230
    • x
    • Poddział wspólny
    • "19"
    • c
    • Dopowiedzenie poddz. wspólnego
    • Wiek XX.
    • 4
    • UKD2
    • 7644
    • x
    • Poddział wspólny
    • =111
    • c
    • Dopowiedzenie poddz. wspólnego
    • =Język angielski.
980 -Symbol UKD [ , ]
    • a
    • UKD
    • 821.111(091)-3"19"=111 Conrad J.
700 -Hasło dodatkowe - nazwa osobowa [1, ]
    • a
    • Nazwa osobowa (NP)
    • Dean, Leonard Fellows Find
    • 9
    • KHW
    • 83862
    • d
    • Daty biograficzne (NP)
    • (1909-1999).
710 -Hasło dodatkowe - nazwa ciała zbiorowego [2, ]
    • 4
    • Kod relacji
    • pbl
    • 9
    • KHW
    • 50745
    • a
    • Nazwa ciała zbiorowego lub nazwa geograficzna jako pierwszy element (NP)
    • Prentice Hall (Upper Saddle).
Data inwentaryzacji Lokalizacja Status udost. Numer inwentarzowy Sygnatura
1995-11-05BM1A.3913ANG. Literatura angielska 42